Scénographies du théâtre occidental (notice n° 1567332)
[ vue normale ]
| 000 -LEADER | |
|---|---|
| fixed length control field | 01633cam a2200133 4500500 |
| 005 - DATE AND TIME OF LATEST TRANSACTION | |
| control field | 20251214002711.0 |
| 041 ## - LANGUAGE CODE | |
| Language code of text/sound track or separate title | fre |
| 042 ## - AUTHENTICATION CODE | |
| Authentication code | dc |
| 100 10 - MAIN ENTRY--PERSONAL NAME | |
| Personal name | Surgers, Anne |
| Relator term | author |
| 245 00 - TITLE STATEMENT | |
| Title | Scénographies du théâtre occidental |
| 260 ## - PUBLICATION, DISTRIBUTION, ETC. | |
| Name of publisher, distributor, etc. | Armand Colin,<br/> |
| Date of publication, distribution, etc. | 2017.<br/> |
| 520 ## - SUMMARY, ETC. | |
| Summary, etc. | Le théâtre et le spectacle n’existent que dans le présent d’une rencontre entre deux groupes : celui des acteurs porteurs de la fiction et celui de l’assistance, du public, des spectateurs. Une fois la rencontre passée, il ne reste plus que des traces : un texte, des images, des souvenirs. La scénographie est l’une des traces les plus lisibles du présent de la rencontre.À travers l’analyse de nombreux textes, dessins, plans, enluminures, peintures et photographies, l’auteur nous propose une lecture emblématique, rhétorique ou allégorique des décors, de l’architecture et des scénographies, depuis l’Antiquité jusqu’au début du XXIe siècle. Ces traces du temps, où architecte, machiniste, décorateur ou peintre, bien que n’étant pas « scénographes » n’ont pas cessé de collaborer à la perpétuelle invention d’un lieu pour la représentation, sont aussi l’expression d’une vision du monde. Car le théâtre ou le spectacle qu’ils soient cérémonie religieuse, comme dans l’Antiquité grecque et au Moyen Âge ou divertissement comme à Rome, en Italie à la Renaissance ou aujourd’hui, sont l’expression d’une culture, d’une époque, d’une pensée. |
| 856 41 - ELECTRONIC LOCATION AND ACCESS | |
| Uniform Resource Identifier | <a href="https://shs.cairn.info/scenographies-du-theatre-occidental--9782200618810?lang=fr&redirect-ssocas=7080">https://shs.cairn.info/scenographies-du-theatre-occidental--9782200618810?lang=fr&redirect-ssocas=7080</a> |
Pas d'exemplaire disponible.




Réseaux sociaux